Countries and Capitals by Final Letter - Statistics

General Stats
  • This quiz has been taken 23 times
    3 since last reset
  • The average score is 18 of 39
Answer Stats
Hint Answer % Correct
E Belize | Suriname | Chile | Greece | Ukraine | France | Palestine | Timor-Leste | Singapore | Mozambique | Zimbabwe | Sierra Leone | Cape Verde | São Tomé and Principe | Côte d’Ivoire
100%
K Denmark
100%
D Poland | Ireland | Iceland | Finland | Switzerland | Thailand | New Zealand | Chad
100%
A United States of America | Canada | Panama | Guatemala | Costa Rica | Nicaragua | Cuba | Jamaica | Dominica | Saint Lucia | Grenada | Antigua and Barbuda | Guyana | Colombia | Venezuela | Argentina | Bolivia | Czechia | Austria | Slovakia | Slovenia | Croatia | Romania | Moldova | Bosnia and Herzegovina | Serbia | North Macedonia | Bulgaria | Albania | Russia | Estonia | Latvia | Lithuania | Andorra | Malta | Georgia | Armenia | Syria | Saudi Arabia | India | Sri Lanka | Cambodia | Indonesia | Malaysia | China | North Korea | South Korea | Mongolia | Australia | Papua New Guinea | Tonga | Samoa | Federated States of Micronesia | Algeria | Libya | Tunisia | Nigeria | Ghana | Guinea | Liberia | Mauritania | Gambia | Equatorial Guinea | Ethiopia | Somalia | Eritrea | Angola | Botswana | Namibia | South Africa | Zambia | Kenya | Tanzania | Uganda | Rwanda
100%
H Bangladesh
50%
M Belgium | United Kingdom | Vietnam
50%
N Belmopan | Kingston | Kingstown | Bridgetown | Port of Spain | Georgetown | Asuncion | Copenhagen | London | Dublin | Lisbon | Bern | Berlin | Tallinn | Yerevan | Amman | Tehran | Bandar Seri Begawan | Wellington | Yaren | Freetown | Cape Town | Bloemfontein
50%
T Budapest | Bucharest | Beirut | Muscat | Tashkent | Ashgabat | Rabat | Nouakchott
50%
S Castries | Saint George’s | Saint John’s | Caracas | Buenos Aires | Paris | Brussels | Athens | Vilnius | Damascus | Algiers | Tunis | Port Louis
50%
C Dominican Republic | Czech Republic | Central African Republic
50%
R El Salvador | Ecuador | Myanmar | Qatar | East Timor | Niger | Madagascar
50%
I Haiti | Brunei | Fiji | Kiribati | Djibouti | Eswatini | Burundi | Malawi | Mali
50%
I Helsinki | Tbilisi | Abu Dhabi | New Delhi | Taipei | Hanoi | Dili | Funafuti | Tripoli | Bangui | Nairobi | Djibouti | Kigali | Moroni
50%
Q Iraq
50%
T Kuwait | Egypt | Ivory Coast
50%
G Luxembourg
50%
Y Mexico City | Guatemala City | Panama City | Luxembourg City | Monaco City | Vatican City | Kuwait City | Port Moresby | Conakry | Niamey
50%
O Mexico | Trinidad and Tobago | Monaco | Montenegro | Kosovo | San Marino | Lesotho | Morocco | Togo | Burkina Faso | Democratic Republic of the Congo | Republic of the Congo
50%
U Nassau | Roseau | Chisinau | Baku | Kathmandu | Thimphu | Ouagadougou | Cotonou | Bissau | Maseru | Mogadishu
50%
A Ottawa | Havana | Managua | Tegucigalpa | Brasilia | Lima | Bogotá | Valletta | Andorra la Vella | Vienna | Bratislava | Ljubljana | Podgorica | Tirana | Sofia | Pristina | Nicosia | Riga | Ankara | Doha | Manama | Sana’a | Astana | Dhaka | Manila | Jakarta | Canberra | Port Vila | Nuku’alofa | Suva | Apia | South Tarawa | Honiara | Abuja | Monrovia | Accra | Praia | Kinshasa | N’Djamena | Luanda | Pretoria | Lusaka | Dodoma | Addis Ababa | Kampala | Gitega | Asmara | Juba | Victoria | Lobamba
50%
Y Paraguay | Uruguay | Hungary | Germany | Italy | Norway | Vatican City | Turkey
50%
U Peru | Tuvalu | Vanuatu | Nauru | Palau | Guinea-Bissau
50%
G Pyongyang | Beijing
50%
K Reykjavik | Minsk | Bishkek | Bangkok | Windhoek
50%
E San José | Port au Prince | Basseterre | Sucre | Prague | Rome | Belgrade | Skopje | Male | Dushanbe | Sri Jayawardenapurra Kotte | Vientiane | Singapore | Lome | Yaounde | Libreville | Sao Tomé | Brazzaville | Gaborone | Harare | Mbabane | Harare | Lilongwe
50%
R San Salvador | Ulaanbaatar | Kuala Lumpur | Palikir | Dakar
50%
O Santiago | Montevideo | Paramaribo | Oslo | San Marino | Sarajevo | Colombo | Tokyo | Majuro | Cairo | Bamako | Yamoussoukro | Porto Novo | Maputo | Antananarivo
50%
N Spain | Liechtenstein | Sweden | Japan | Bhutan | Taiwan | Iran | Azerbaijan | Afghanistan | Kyrgyzstan | Tajikistan | Turkmenistan | Uzbekistan | Pakistan | Kazakhstan | Bahrain | Yemen | Oman | Lebanon | Jordan | Sudan | South Sudan | Cameroon | Gabon | Benin
50%
M Stockholm | Amsterdam | Jerusalem | East Jerusalem | Khartoum
50%
W Warsaw | Moscow | Naypyidaw
50%
B Zagreb
50%
D Baghdad | Islamabad | Ngerulmud
0%
L Brazil | Portugal | Nepal
0%
S Honduras | Bahamas | Barbados | Saint Kitts and Nevis | Saint Vincent and the Grenadines | Belarus | Netherlands | Cyprus | United Arab Emirates | Laos | Maldives | Philippines | Marshall Islands | Solomon Islands | Comoros | Seychelles | Mauritius
0%
V Kyiv
0%
Z La Paz | Vaduz | Ciudad de la Paz
0%
H Riyadh | Phnom Penh
0%
L Seoul | Banjul
0%
C Washington DC
0%
No matching quizzes found
Score Distribution
Percent of People with Each Score
Percentile by Number Answered
Your Score History
You have not taken this quiz since the last reset